| 000 | 01110 a2200241 4500 | ||
|---|---|---|---|
| 001 | 41098 | ||
| 005 | 20260407155704.0 | ||
| 008 | 260407a2000 arg spa d | ||
| 003 | AR-UNSa-BCEJYS | ||
| 040 |
_aAR-UNSa-BCEJYS _bspa _cAR-UNSa-BCEJYS |
||
| 080 |
_a347.736 _xQuiebra. Insolvencia. Suspensión de pagos. Bancarrota, procedimientos. Derecho Concursal |
||
| 245 | 1 | 0 | _aExtensión de la quiebra |
| 020 | _a950-894-263-0 | ||
| 264 | 1 |
_aBuenos Aires : _bAD-HOC _c2000 |
|
| 300 |
_a347 p. _c23 cm. |
||
| 505 | _a1. Extensión de la quiebra - 2. Sujetos pasivos de la extensión de la quiebra (primera parte) - 3. Sujeros pasivos de la extensión de la quiebra (segunda parte) - 4. Cuestiones procesales (Primera parte) - 5. Cuestiones procesales (segunda parte) - 6. Régimen de masas - 7. Grupos económicos y su relación con la extensión | ||
| 041 | _aspa | ||
| 942 | _cBK | ||
| 590 | _aniveau_biblio:m niveau_hierar:0 | ||
| 100 | 1 | _aGrispo, Jorge Daniel | |
| 700 | 1 | _aBalbín, Sebastián | |
| 856 | 4 | 1 |
_uhttps://biblioeco.unsa.edu.ar/pmb/images/libros/L126358_01.jpg _yImagen de portada _qimage/jpeg |
| 999 |
_c3366 _d3366 |
||